Lịch sử tìm ra năng lượng nguyên tử
Saved in:
| Main Author: | |
|---|---|
| Format: | Book |
| Language: | Undetermined |
| Published: |
Tp. Hồ Chí Minh
Trẻ
2004
|
| Subjects: | |
| Tags: |
Add Tag
No Tags, Be the first to tag this record!
|
| Institutions: | Trung tâm Học liệu Trường Đại học Cần Thơ |
|---|
| LEADER | 00575nam a2200205Ia 4500 | ||
|---|---|---|---|
| 001 | CTU_92386 | ||
| 008 | 210402s9999 xx 000 0 und d | ||
| 020 | |c 11500 | ||
| 082 | |a 621.48 | ||
| 082 | |b T550 | ||
| 100 | |a Nguyễn Tứ | ||
| 245 | 0 | |a Lịch sử tìm ra năng lượng nguyên tử | |
| 245 | 0 | |c Nguyễn Tứ | |
| 260 | |a Tp. Hồ Chí Minh | ||
| 260 | |b Trẻ | ||
| 260 | |c 2004 | ||
| 650 | |a Nuclear engineering | ||
| 650 | |x History,Discovery | ||
| 904 | |i Mai Loan(Tuyen) | ||
| 980 | |a Trung tâm Học liệu Trường Đại học Cần Thơ | ||